The little mermaid. (Record no. 104375)
[ view plain ]
| 000 -LEADER | |
|---|---|
| fixed length control field | 00639nam a2200181 a 4500 |
| 005 - DATE AND TIME OF LATEST TRANSACTION | |
| control field | 20140412111321.0 |
| 008 - FIXED-LENGTH DATA ELEMENTS--GENERAL INFORMATION | |
| fixed length control field | 010402s19uu xx 00 eng d |
| 020 ## - INTERNATIONAL STANDARD BOOK NUMBER | |
| International Standard Book Number | 0-7214-4276-5 |
| 050 ## - LIBRARY OF CONGRESS CALL NUMBER | |
| Classification number | ER |
| Item number | Li72 |
| 245 ## - TITLE STATEMENT | |
| Title | The little mermaid. |
| 260 ## - PUBLICATION, DISTRIBUTION, ETC. (IMPRINT) | |
| Place of publication, distribution, etc | Leicestershire, UK : |
| Name of publisher, distributor, etc | Ladybird Books Ltd, |
| Date of publication, distribution, etc | [n.d.] |
| 300 ## - PHYSICAL DESCRIPTION | |
| Extent | 1 v. (unp.) ; ill. |
| 440 ## - SERIES STATEMENT/ADDED ENTRY--TITLE | |
| Title | Disney |
| 520 ## - SUMMARY, ETC. | |
| Summary, etc | When King Triton, ruler of the seas tries to stop his daughter Ariel marrying a human prince, she asks the wicked Sea-Witch Ursula to help her. But Ursula has plans of her own. . . |
| 650 ## - SUBJECT ADDED ENTRY--TOPICAL TERM | |
| Topical term or geographic name as entry element | Mermaids-stories |
| 650 ## - SUBJECT ADDED ENTRY--TOPICAL TERM | |
| Topical term or geographic name as entry element | Mermaids-Fiction |
| Withdrawn status | Lost status | Damaged status | Use restrictions | Home library | Current library | Shelving location | Date acquired | Source of acquisition | Cost, normal purchase price | Total Checkouts | Full call number | Barcode | Date last seen | Price effective from | Koha item type |
|---|---|---|---|---|---|---|---|---|---|---|---|---|---|---|---|
| Elizalde Library | Elizalde Library | Easy Reading Section | 04/02/2001 | 45.00 | ER Li72 | E7547 | 04/12/2014 | 04/12/2014 | Books |